| 000 | 00507nam a2200157 4500 | ||
|---|---|---|---|
| 008 | 171215b xxu||||| |||| 00| 0 eng d | ||
| 020 | _a9789715503273 | ||
| 082 |
_21999 _aDFil 142.7 _bF37m |
||
| 100 |
_925260 _aFerriols, Roque J., author. |
||
| 245 |
_aMagpakatao : _bilang babasahing pilosopiko / _cRoque J. Feriols. |
||
| 250 | _aSecond edition. | ||
| 260 |
_aQuezon City : _bADMU-ORP, _c©1999. |
||
| 300 |
_axiv, 195 pages : _billustrations ; _c23 cm. |
||
| 650 | 0 |
_925261 _aPhilosophy. |
|
| 942 |
_2ddc _cDFIL |
||
| 999 |
_c8161 _d8161 |
||